[Event "DVM U20 2021"]
[Site "Kiel GER"]
[Date "2022.07.24"]
[Round "4"]
[White "Gallas, Noel"]
[Black "Dornieden, Jonas"]
[Result "1/2-1/2"]
[Termination "normal"]
[Board "5.3"]
[WhiteElo "1905"]
[BlackElo "2044"]
[WhiteClock "00:01:40"]
[BlackClock "00:01:17"]
[WhiteTeam "Schachfreunde Essen-Katernberg 04/32 e. V."]
[BlackTeam "SK Lehrte von 1919 e. V."]
[PlyCount "101"]
[WhiteFideId "16216059"]
[BlackFideId "1336460"]
[EventCountry "GER"]
[EventRounds "7"]
[EventType "team-swiss"]
[EventDate "2022.07.22"]

1. e4 {[%clk 01:30:49]} {[%emt 00:00:09]} c5 {[%clk 01:30:53]} {[%emt
00:00:08]} 2. Nf3 {[%clk 01:31:14]} {[%emt 00:00:05]} Nc6 {[%clk 01:31:17]}
{[%emt 00:00:06]} 3. g3 {[%clk 01:31:39]} {[%emt 00:00:05]} g6 {[%clk
01:30:23]} {[%emt 00:01:23]} 4. Bg2 {[%clk 01:31:49]} {[%emt 00:00:20]} Bg7
{[%clk 01:30:39]} {[%emt 00:00:14]} 5. O-O {[%clk 01:31:47]} {[%emt 00:00:32]}
d6 {[%clk 01:28:50]} {[%emt 00:02:19]} 6. c3 {[%clk 01:29:28]} {[%emt
00:02:50]} Qb6 {[%clk 01:23:27]} {[%emt 00:05:54]} 7. h3 {[%clk 01:27:27]}
{[%emt 00:02:30]} Nf6 {[%clk 01:17:07]} {[%emt 00:06:50]} 8. Re1 {[%clk
01:26:46]} {[%emt 00:01:11]} O-O {[%clk 01:15:33]} {[%emt 00:02:04]} 9. d3
{[%clk 01:24:45]} {[%emt 00:02:30]} e5 {[%clk 01:09:58]} {[%emt 00:06:06]} 10.
a3 {[%clk 01:24:20]} {[%emt 00:00:55]} Be6 {[%clk 01:05:28]} {[%emt 00:05:00]}
11. b4 {[%clk 01:17:46]} {[%emt 00:07:03]} Nd7 {[%clk 00:54:21]} {[%emt
00:11:37]} 12. Ng5 {[%clk 01:14:05]} {[%emt 00:04:11]} a5 {[%clk 00:48:55]}
{[%emt 00:05:57]} 13. Nxe6 {[%clk 01:10:11]} {[%emt 00:04:24]} fxe6 {[%clk
00:48:42]} {[%emt 00:00:43]} 14. bxc5 {[%clk 00:18:18]} {[%emt 00:52:22]} Nxc5
{[%clk 00:48:24]} {[%emt 00:00:48]} 15. Rf1 {[%clk 00:12:23]} {[%emt 00:06:25]}
a4 {[%clk 00:41:48]} {[%emt 00:07:06]} 16. Nd2 {[%clk 00:10:01]} {[%emt
00:02:52]} Na5 {[%clk 00:37:18]} {[%emt 00:05:00]} 17. Rb1 {[%clk 00:07:50]}
{[%emt 00:02:41]} Qa6 {[%clk 00:37:34]} {[%emt 00:00:14]} 18. c4 {[%clk
00:02:19]} {[%emt 00:06:00]} Nc6 {[%clk 00:22:18]} {[%emt 00:15:46]} 19. Nf3
{[%clk 00:01:29]} {[%emt 00:01:20]} Nb3 {[%clk 00:21:56]} {[%emt 00:00:52]} 20.
Be3 {[%clk 00:01:03]} {[%emt 00:00:56]} Qa5 {[%clk 00:16:49]} {[%emt 00:05:37]}
21. Ng5 {[%clk 00:00:50]} {[%emt 00:00:42]} Rae8 {[%clk 00:16:06]} {[%emt
00:01:13]} 22. Qg4 {[%clk 00:00:56]} {[%emt 00:00:24]} Rf6 {[%clk 00:12:59]}
{[%emt 00:03:38]} 23. Qh4 {[%clk 00:00:38]} {[%emt 00:00:48]} h6 {[%clk
00:03:02]} {[%emt 00:10:27]} 24. Nf3 {[%clk 00:01:05]} {[%emt 00:00:03]} Ncd4
{[%clk 00:03:13]} {[%emt 00:00:19]} 25. Nxd4 {[%clk 00:00:51]} {[%emt
00:00:45]} exd4 {[%clk 00:03:38]} {[%emt 00:00:05]} 26. Bxh6 {[%clk 00:00:49]}
{[%emt 00:00:32]} Qc5 {[%clk 00:01:18]} {[%emt 00:02:50]} 27. Bxg7 {[%clk
00:00:39]} {[%emt 00:00:40]} Kxg7 {[%clk 00:01:41]} {[%emt 00:00:07]} 28. g4
{[%clk 00:00:44]} {[%emt 00:00:25]} g5 {[%clk 00:00:56]} {[%emt 00:01:15]} 29.
Qg3 {[%clk 00:01:07]} {[%emt 00:00:08]} Qxa3 {[%clk 00:00:38]} {[%emt
00:00:47]} 30. e5 {[%clk 00:01:32]} {[%emt 00:00:05]} dxe5 {[%clk 00:00:54]}
{[%emt 00:00:14]} 31. Qxe5 {[%clk 00:02:00]} {[%emt 00:00:02]} Qc5 {[%clk
00:01:13]} {[%emt 00:00:12]} 32. Qe4 {[%clk 00:02:21]} {[%emt 00:00:09]} Re7
{[%clk 00:01:16]} {[%emt 00:00:27]} 33. Qe2 {[%clk 00:01:06]} {[%emt 00:01:44]}
b5 {[%clk 00:00:58]} {[%emt 00:00:49]} 34. cxb5 {[%clk 00:00:52]} {[%emt
00:00:44]} Qxb5 {[%clk 00:01:24]} {[%emt 00:00:04]} 35. Be4 {[%clk 00:00:49]}
{[%emt 00:00:33]} Rh6 {[%clk 00:01:00]} {[%emt 00:00:54]} 36. Qf3 {[%clk
00:00:43]} {[%emt 00:00:35]} Rf7 {[%clk 00:00:49]} {[%emt 00:00:41]} 37. Qg3
{[%clk 00:00:51]} {[%emt 00:00:23]} e5 {[%clk 00:01:12]} {[%emt 00:00:07]} 38.
Bf5 {[%clk 00:00:54]} {[%emt 00:00:27]} a3 {[%clk 00:00:44]} {[%emt 00:00:57]}
39. Rxb3 {[%clk 00:00:53]} {[%emt 00:00:31]} Qxb3 {[%clk 00:01:07]} {[%emt
00:00:08]} 40. Qxe5+ {[%clk 00:01:15]} {[%emt 00:00:08]} Kf8 {[%clk 00:00:34]}
{[%emt 00:01:02]} 41. Qxd4 {[%clk 00:24:57]} {[%emt 00:06:47]} Qb6 {[%clk
00:27:58]} {[%emt 00:03:06]} 42. Qc3 {[%clk 00:11:32]} {[%emt 00:13:56]} Qb2
{[%clk 00:26:28]} {[%emt 00:01:59]} 43. Qc8+ {[%clk 00:06:19]} {[%emt
00:05:43]} Kg7 {[%clk 00:26:48]} {[%emt 00:00:10]} 44. Be6 {[%clk 00:06:42]}
{[%emt 00:00:06]} Qb7 {[%clk 00:11:50]} {[%emt 00:15:29]} 45. Qc3+ {[%clk
00:01:18]} {[%emt 00:05:55]} Rff6 {[%clk 00:12:12]} {[%emt 00:00:08]} 46. Bf5
{[%clk 00:00:35]} {[%emt 00:01:13]} Rxh3 {[%clk 00:08:27]} {[%emt 00:04:14]}
47. Be4 {[%clk 00:00:33]} {[%emt 00:00:32]} Qb2 {[%clk 00:06:40]} {[%emt
00:02:18]} 48. Qc5 {[%clk 00:00:33]} {[%emt 00:00:30]} Qd2 {[%clk 00:00:35]}
{[%emt 00:06:34]} 49. Qe7+ {[%clk 00:00:53]} {[%emt 00:00:10]} Rf7 {[%clk
00:00:57]} {[%emt 00:00:08]} 50. Qe5+ {[%clk 00:01:15]} {[%emt 00:00:08]} Rf6
{[%clk 00:01:17]} {[%emt 00:00:10]} 51. Qe7+ {[%clk 00:01:40]} {[%emt
00:00:04]} 1/2-1/2

[Event "DVM U20 2021"]
[Site "Kiel GER"]
[Date "2022.07.24"]
[Round "4"]
[White "Reimer, Philip"]
[Black "Beetz, Ole"]
[Result "1-0"]
[Termination "normal"]
[Board "5.4"]
[WhiteElo "2001"]
[BlackElo "1601"]
[WhiteClock "00:30:24"]
[BlackClock "00:39:08"]
[WhiteTeam "SK Lehrte von 1919 e. V."]
[BlackTeam "Schachfreunde Essen-Katernberg 04/32 e. V."]
[PlyCount "67"]
[WhiteFideId "16235860"]
[BlackFideId "34628339"]
[EventCountry "GER"]
[EventRounds "7"]
[EventType "team-swiss"]
[EventDate "2022.07.22"]

1. d4 {[%clk 01:30:52]} {[%emt 00:00:07]} Nf6 {[%clk 01:30:45]} {[%emt
00:00:15]} 2. Bg5 {[%clk 01:31:16]} {[%emt 00:00:05]} e6 {[%clk 01:30:03]}
{[%emt 00:01:12]} 3. e4 {[%clk 01:31:39]} {[%emt 00:00:07]} Be7 {[%clk
01:30:18]} {[%emt 00:00:15]} 4. Bxf6 {[%clk 01:30:43]} {[%emt 00:01:25]} Bxf6
{[%clk 01:29:42]} {[%emt 00:01:06]} 5. Nf3 {[%clk 01:30:30]} {[%emt 00:00:44]}
d5 {[%clk 01:27:27]} {[%emt 00:02:45]} 6. e5 {[%clk 01:30:42]} {[%emt
00:00:18]} Be7 {[%clk 01:27:48]} {[%emt 00:00:09]} 7. Bd3 {[%clk 01:31:01]}
{[%emt 00:00:10]} c5 {[%clk 01:25:39]} {[%emt 00:02:39]} 8. c3 {[%clk
01:31:27]} {[%emt 00:00:05]} Nc6 {[%clk 01:25:03]} {[%emt 00:01:06]} 9. a3
{[%clk 01:26:54]} {[%emt 00:05:03]} Qb6 {[%clk 01:24:26]} {[%emt 00:01:07]} 10.
b4 {[%clk 01:26:19]} {[%emt 00:01:05]} c4 {[%clk 01:23:18]} {[%emt 00:01:39]}
11. Bc2 {[%clk 01:25:27]} {[%emt 00:01:20]} a5 {[%clk 01:21:47]} {[%emt
00:02:02]} 12. Nbd2 {[%clk 01:24:46]} {[%emt 00:01:11]} Bd7 {[%clk 01:20:03]}
{[%emt 00:02:14]} 13. O-O {[%clk 01:24:23]} {[%emt 00:00:53]} O-O {[%clk
01:16:47]} {[%emt 00:03:47]} 14. Qe2 {[%clk 01:21:09]} {[%emt 00:03:43]} Ra7
{[%clk 01:12:49]} {[%emt 00:04:28]} 15. Rfb1 {[%clk 01:21:10]} {[%emt
00:00:29]} axb4 {[%clk 01:12:06]} {[%emt 00:01:14]} 16. axb4 {[%clk 01:20:27]}
{[%emt 00:01:13]} Rfa8 {[%clk 01:12:17]} {[%emt 00:00:18]} 17. Qd1 {[%clk
01:19:50]} {[%emt 00:01:07]} Qd8 {[%clk 01:06:47]} {[%emt 00:06:01]} 18. g3
{[%clk 01:00:58]} {[%emt 00:19:22]} g6 {[%clk 01:02:21]} {[%emt 00:04:57]} 19.
Qc1 {[%clk 00:42:34]} {[%emt 00:18:54]} Ra2 {[%clk 00:57:04]} {[%emt 00:05:46]}
20. Nf1 {[%clk 00:34:36]} {[%emt 00:08:28]} Qb8 {[%clk 00:52:58]} {[%emt
00:04:36]} 21. Rxa2 {[%clk 00:33:05]} {[%emt 00:02:02]} Rxa2 {[%clk 00:53:14]}
{[%emt 00:00:14]} 22. Ra1 {[%clk 00:33:29]} {[%emt 00:00:05]} Qa8 {[%clk
00:53:05]} {[%emt 00:00:39]} 23. Rxa2 {[%clk 00:33:54]} {[%emt 00:00:06]} Qxa2
{[%clk 00:53:27]} {[%emt 00:00:08]} 24. Ne3 {[%clk 00:34:10]} {[%emt 00:00:14]}
h5 {[%clk 00:53:05]} {[%emt 00:00:52]} 25. g4 {[%clk 00:34:00]} {[%emt
00:00:40]} Kh8 {[%clk 00:45:38]} {[%emt 00:07:57]} 26. gxh5 {[%clk 00:33:00]}
{[%emt 00:01:31]} gxh5 {[%clk 00:45:55]} {[%emt 00:00:13]} 27. Nxd5 {[%clk
00:32:14]} {[%emt 00:01:15]} f5 {[%clk 00:40:17]} {[%emt 00:06:08]} 28. Qh6+
{[%clk 00:28:20]} {[%emt 00:04:23]} Kg8 {[%clk 00:40:30]} {[%emt 00:00:17]} 29.
Nxe7+ {[%clk 00:28:37]} {[%emt 00:00:12]} Nxe7 {[%clk 00:40:32]} {[%emt
00:00:29]} 30. Qg5+ {[%clk 00:29:01]} {[%emt 00:00:06]} Kf8 {[%clk 00:39:45]}
{[%emt 00:01:18]} 31. Qf6+ {[%clk 00:29:24]} {[%emt 00:00:07]} Ke8 {[%clk
00:38:42]} {[%emt 00:01:33]} 32. Qh8+ {[%clk 00:29:47]} {[%emt 00:00:07]} Kf7
{[%clk 00:38:51]} {[%emt 00:00:21]} 33. Ng5+ {[%clk 00:30:04]} {[%emt
00:00:13]} Kg6 {[%clk 00:39:08]} {[%emt 00:00:13]} 34. Qf6# {[%clk 00:30:24]}
{[%emt 00:00:07]} 1-0

[Event "DVM U20 2021"]
[Site "Kiel GER"]
[Date "2022.07.24"]
[Round "4"]
[White "Otterpohl, Isabel"]
[Black "Weigand, Anton"]
[Result "0-1"]
[Termination "normal"]
[Board "5.5"]
[WhiteElo "1632"]
[BlackElo "1919"]
[WhiteClock "00:09:22"]
[BlackClock "00:30:13"]
[WhiteTeam "Schachfreunde Essen-Katernberg 04/32 e. V."]
[BlackTeam "SK Lehrte von 1919 e. V."]
[PlyCount "100"]
[WhiteFideId "12999180"]
[BlackFideId "16221915"]
[EventCountry "GER"]
[EventRounds "7"]
[EventType "team-swiss"]
[EventDate "2022.07.22"]

1. e4 {[%clk 01:30:57]} {[%emt 01:23:51]} c5 {[%clk 01:30:56]} {[%emt
00:00:04]} 2. c3 {[%clk 01:31:23]} {[%emt 00:00:05]} d5 {[%clk 01:31:18]}
{[%emt 00:00:07]} 3. exd5 {[%clk 01:31:43]} {[%emt 00:00:10]} Qxd5 {[%clk
01:31:43]} {[%emt 00:00:05]} 4. Nf3 {[%clk 01:31:56]} {[%emt 00:00:18]} Nc6
{[%clk 01:30:51]} {[%emt 00:01:21]} 5. d4 {[%clk 01:31:51]} {[%emt 00:00:35]}
Bf5 {[%clk 01:30:26]} {[%emt 00:00:53]} 6. Na3 {[%clk 01:28:08]} {[%emt
00:04:15]} cxd4 {[%clk 01:25:29]} {[%emt 00:05:26]} 7. Nxd4 {[%clk 01:26:43]}
{[%emt 00:01:56]} O-O-O {[%clk 01:22:42]} {[%emt 00:03:16]} 8. Be3 {[%clk
01:22:11]} {[%emt 00:05:02]} Nf6 {[%clk 01:15:27]} {[%emt 00:07:42]} 9. Nxf5
{[%clk 01:15:07]} {[%emt 00:07:37]} Qxf5 {[%clk 01:15:32]} {[%emt 00:00:24]}
10. Qc2 {[%clk 01:13:08]} {[%emt 00:02:30]} Qxc2 {[%clk 01:14:44]} {[%emt
00:01:17]} 11. Nxc2 {[%clk 01:09:36]} {[%emt 00:04:03]} Ng4 {[%clk 01:14:07]}
{[%emt 00:01:04]} 12. Rd1 {[%clk 00:51:27]} {[%emt 00:18:41]} Rxd1+ {[%clk
01:13:04]} {[%emt 00:01:33]} 13. Kxd1 {[%clk 00:51:52]} {[%emt 00:00:05]} e6
{[%clk 01:11:36]} {[%emt 00:01:58]} 14. g3 {[%clk 00:41:07]} {[%emt 00:11:15]}
Nxe3+ {[%clk 01:08:26]} {[%emt 00:03:39]} 15. Nxe3 {[%clk 00:41:29]} {[%emt
00:00:09]} Bc5 {[%clk 01:08:45]} {[%emt 00:00:10]} 16. Ke2 {[%clk 00:41:10]}
{[%emt 00:00:50]} Rd8 {[%clk 01:08:06]} {[%emt 00:01:08]} 17. Bg2 {[%clk
00:40:15]} {[%emt 00:01:26]} Bxe3 {[%clk 01:06:35]} {[%emt 00:02:01]} 18. fxe3
{[%clk 00:30:13]} {[%emt 00:10:33]} Ne5 {[%clk 01:06:19]} {[%emt 00:00:45]} 19.
b3 {[%clk 00:27:31]} {[%emt 00:03:12]} f6 {[%clk 01:05:09]} {[%emt 00:01:40]}
20. h3 {[%clk 00:26:08]} {[%emt 00:01:53]} b6 {[%clk 01:04:45]} {[%emt
00:00:54]} 21. Rd1 {[%clk 00:22:52]} {[%emt 00:03:45]} Rxd1 {[%clk 01:05:07]}
{[%emt 00:00:08]} 22. Kxd1 {[%clk 00:23:19]} {[%emt 00:00:03]} Kc7 {[%clk
01:05:02]} {[%emt 00:00:34]} 23. Kd2 {[%clk 00:22:25]} {[%emt 00:01:24]} Kd6
{[%clk 01:05:14]} {[%emt 00:00:18]} 24. Kc2 {[%clk 00:22:03]} {[%emt 00:00:51]}
g5 {[%clk 00:59:19]} {[%emt 00:06:26]} 25. g4 {[%clk 00:18:10]} {[%emt
00:04:24]} f5 {[%clk 00:53:16]} {[%emt 00:06:33]} 26. gxf5 {[%clk 00:18:32]}
{[%emt 00:00:08]} exf5 {[%clk 00:53:42]} {[%emt 00:00:04]} 27. Kd2 {[%clk
00:18:26]} {[%emt 00:00:35]} h5 {[%clk 00:52:20]} {[%emt 00:01:52]} 28. Ke2
{[%clk 00:18:29]} {[%emt 00:00:28]} Ke6 {[%clk 00:51:01]} {[%emt 00:01:48]} 29.
a4 {[%clk 00:18:13]} {[%emt 00:00:47]} a5 {[%clk 00:49:26]} {[%emt 00:02:04]}
30. Bh1 {[%clk 00:15:15]} {[%emt 00:03:28]} g4 {[%clk 00:45:26]} {[%emt
00:04:30]} 31. Bg2 {[%clk 00:14:00]} {[%emt 00:01:46]} g3 {[%clk 00:38:06]}
{[%emt 00:07:49]} 32. Bh1 {[%clk 00:11:43]} {[%emt 00:02:47]} h4 {[%clk
00:36:11]} {[%emt 00:02:25]} 33. Bg2 {[%clk 00:11:59]} {[%emt 00:00:14]} Kd6
{[%clk 00:32:31]} {[%emt 00:04:09]} 34. Kd2 {[%clk 00:10:42]} {[%emt 00:01:45]}
Nf7 {[%clk 00:19:35]} {[%emt 00:13:17]} 35. Kd3 {[%clk 00:08:36]} {[%emt
00:02:48]} Kc5 {[%clk 00:18:31]} {[%emt 00:01:33]} 36. Kc2 {[%clk 00:06:48]}
{[%emt 00:02:20]} Ng5 {[%clk 00:16:06]} {[%emt 00:02:52]} 37. Kb2 {[%clk
00:06:15]} {[%emt 00:01:03]} Ne4 {[%clk 00:13:53]} {[%emt 00:02:43]} 38. Kc2
{[%clk 00:06:05]} {[%emt 00:00:42]} Nf6 {[%clk 00:09:22]} {[%emt 00:04:59]} 39.
Kd2 {[%clk 00:05:42]} {[%emt 00:00:55]} Nd5 {[%clk 00:08:58]} {[%emt 00:00:48]}
40. b4+ {[%clk 00:00:56]} {[%emt 00:05:21]} axb4 {[%clk 00:09:07]} {[%emt
00:00:21]} 41. cxb4+ {[%clk 00:01:17]} {[%emt 00:00:10]} Nxb4 {[%clk 00:09:06]}
{[%emt 00:00:30]} 42. Ke2 {[%clk 00:27:56]} {[%emt 00:03:52]} Kd6 {[%clk
00:36:51]} {[%emt 00:02:42]} 43. Kf3 {[%clk 00:25:10]} {[%emt 00:03:19]} Ke5
{[%clk 00:34:35]} {[%emt 00:02:45]} 44. Bf1 {[%clk 00:24:27]} {[%emt 00:01:14]}
Nc2 {[%clk 00:32:59]} {[%emt 00:02:05]} 45. Bb5 {[%clk 00:20:15]} {[%emt
00:04:44]} Nb4 {[%clk 00:30:34]} {[%emt 00:02:54]} 46. Bf1 {[%clk 00:19:00]}
{[%emt 00:01:43]} Nd5 {[%clk 00:30:52]} {[%emt 00:00:08]} 47. Ba6 {[%clk
00:17:23]} {[%emt 00:02:14]} Nc3 {[%clk 00:30:47]} {[%emt 00:00:34]} 48. Bb7
{[%clk 00:09:51]} {[%emt 00:08:03]} Nxa4 {[%clk 00:31:00]} {[%emt 00:00:16]}
49. Bc6 {[%clk 00:09:20]} {[%emt 00:01:01]} Nc3 {[%clk 00:31:04]} {[%emt
00:00:25]} 50. Kg2 {[%clk 00:09:22]} {[%emt 00:00:29]} b5 {[%clk 00:30:13]}
{[%emt 00:01:20]} 0-1

[Event "DVM U20 2021"]
[Site "Kiel GER"]
[Date "2022.07.24"]
[Round "4"]
[White "Kieselbach, Jannik"]
[Black "Lüersen, Lukas"]
[Result "1-0"]
[Termination "normal"]
[Board "5.6"]
[WhiteElo "1632"]
[BlackElo "1225"]
[WhiteClock "00:29:08"]
[BlackClock "00:18:48"]
[WhiteTeam "SK Lehrte von 1919 e. V."]
[BlackTeam "Schachfreunde Essen-Katernberg 04/32 e. V."]
[PlyCount "49"]
[WhiteFideId "16246403"]
[BlackFideId "34628371"]
[EventCountry "GER"]
[EventRounds "7"]
[EventType "team-swiss"]
[EventDate "2022.07.22"]

1. e4 {[%clk 01:30:54]} {[%emt 00:00:05]} c5 {[%clk 01:30:52]} {[%emt
00:00:08]} 2. Nf3 {[%clk 01:31:20]} {[%emt 00:00:05]} d6 {[%clk 01:31:15]}
{[%emt 00:00:07]} 3. d4 {[%clk 01:31:44]} {[%emt 00:00:06]} cxd4 {[%clk
01:31:42]} {[%emt 00:00:05]} 4. Nxd4 {[%clk 01:32:06]} {[%emt 00:00:07]} Nf6
{[%clk 01:32:06]} {[%emt 00:00:07]} 5. Nc3 {[%clk 01:32:29]} {[%emt 00:00:05]}
g6 {[%clk 01:32:25]} {[%emt 00:00:12]} 6. f3 {[%clk 01:32:36]} {[%emt
00:00:23]} Bg7 {[%clk 01:32:33]} {[%emt 00:00:22]} 7. Be3 {[%clk 01:32:56]}
{[%emt 00:00:11]} a6 {[%clk 01:32:52]} {[%emt 00:00:11]} 8. Qd2 {[%clk
01:33:19]} {[%emt 00:00:06]} h5 {[%clk 01:33:09]} {[%emt 00:00:13]} 9. O-O-O
{[%clk 01:33:33]} {[%emt 00:00:16]} Nbd7 {[%clk 01:33:18]} {[%emt 00:00:21]}
10. Be2 {[%clk 01:33:18]} {[%emt 00:00:46]} b5 {[%clk 01:33:16]} {[%emt
00:00:32]} 11. Nd5 {[%clk 01:31:14]} {[%emt 00:02:34]} Bb7 {[%clk 01:24:28]}
{[%emt 00:09:18]} 12. Nb3 {[%clk 01:25:26]} {[%emt 00:06:19]} Nxd5 {[%clk
01:21:52]} {[%emt 00:03:07]} 13. exd5 {[%clk 01:25:41]} {[%emt 00:00:14]} Rc8
{[%clk 01:20:10]} {[%emt 00:02:11]} 14. Rhe1 {[%clk 01:06:04]} {[%emt
00:20:07]} Nb6 {[%clk 01:11:44]} {[%emt 00:08:57]} 15. Na5 {[%clk 00:50:41]}
{[%emt 00:15:53]} Bxd5 {[%clk 01:03:48]} {[%emt 00:08:26]} 16. Bxb6 {[%clk
00:50:45]} {[%emt 00:00:26]} Qxb6 {[%clk 01:04:04]} {[%emt 00:00:14]} 17. Qxd5
{[%clk 00:50:11]} {[%emt 00:01:03]} Qxa5 {[%clk 01:03:57]} {[%emt 00:00:37]}
18. Bxb5+ {[%clk 00:46:52]} {[%emt 00:03:49]} axb5 {[%clk 00:45:43]} {[%emt
00:18:44]} 19. Rxe7+ {[%clk 00:46:40]} {[%emt 00:00:42]} Kxe7 {[%clk 00:46:04]}
{[%emt 00:00:11]} 20. Qxd6+ {[%clk 00:46:59]} {[%emt 00:00:11]} Ke8 {[%clk
00:46:18]} {[%emt 00:00:16]} 21. Qd7+ {[%clk 00:46:32]} {[%emt 00:00:57]} Kf8
{[%clk 00:46:33]} {[%emt 00:00:15]} 22. Qxc8+ {[%clk 00:46:21]} {[%emt
00:00:42]} Ke7 {[%clk 00:46:54]} {[%emt 00:00:09]} 23. Qc5+ {[%clk 00:35:19]}
{[%emt 00:11:31]} Ke8 {[%clk 00:40:50]} {[%emt 00:06:33]} 24. c3 {[%clk
00:29:08]} {[%emt 00:06:41]} Bf8 {[%clk 00:18:48]} {[%emt 00:22:33]} 25. Qc6+
{[%emt 00:01:58]} 1-0